The collage books : using paper,card,fabric, wood

Bibliographic Details
Main Author: Tofts, Hannah
Format: Book
Published: London : Two-can , 1990
Series:Jump!craft books
Subjects:

MARC

LEADER 00000cam a2200000 7i4500
001 0000004448
002 000004785
005 20000330.0
020 |a 1854340298 
090 0 0 |a J 745.5   |b JUM 
100 1 |a Tofts, Hannah 
245 1 4 |a The collage books :   |b using paper,card,fabric, wood   |c Hannah Toft ; photography by Jon Barnes 
260 |a London :   |b Two-can ,   |c 1990 
300 |a 32 p. :   |b ill. ;   |c 27 cm. 
490 0 |a Jump!craft books 
650 0 0 |a Handicraft   |x Juvenile literature 
999 |a 030646   |b BUKU   |c PINJAMAN   |e PERPUSTAKAAN KOMUNITI PETALING JAYA